000 00930nam a2200277 a 4500
001 BRCA_5499
005 20190320205115.0
008 030211s1939----fr-a######---#000-0#eng-#
041 _aeng
044 _afr
050 4 _aND661
_b.M52 1939
100 1 _aMichel, Edouard
_914052
245 1 0 _aFlemish Painting in the XVIIth century
_cEdouard Michel ; edited by André Gloeckner ; translated from the French by Prudence Montagu-Pollock.
260 _aParís
_bHyperion
_c1939
300 _a46 p.
_bil. (algunas a color), 96 láminas
_c32 cm.
500 _aIncluye biografía de artistas
500 _aEstado físico: Encuadernación deteriorada
500 _aE173
504 _aBibliografía: p. 32
650 1 4 _aPintura flamenca
_914053
650 1 4 _aPintura
_xHistoria
_914054
700 1 _aGloeckner, André
_eEditor
_914055
700 1 _aMontagu-Pollock, Prudence
_eTraductora
_914056
902 _aGFM
942 _2lcc
_cB
999 _c5193
_d5193